Decisiones empresariales bajo riesgo e incertidumbre / (Registro nro. 6113)
[ vista simple ]
| 000 -LEADER | |
|---|---|
| fixed length control field | 01457nam a2200313Ia 4500 |
| 003 - CONTROL NUMBER IDENTIFIER | |
| control field | OSt |
| 005 - DATE AND TIME OF LATEST TRANSACTION | |
| control field | 20201027134512.0 |
| 008 - FIXED-LENGTH DATA ELEMENTS--GENERAL INFORMATION | |
| fixed length control field | 191128s2003 ck ad| gr 000 0 spa d |
| 020 ## - INTERNATIONAL STANDARD BOOK NUMBER | |
| International Standard Book Number | 9580474419 |
| 040 ## - CATALOGING SOURCE | |
| Original cataloging agency | CO-JMCR |
| Transcribing agency | CO-JMCR |
| 041 0# - LANGUAGE CODE | |
| Language code of text/sound track or separate title | spa |
| 082 04 - DEWEY DECIMAL CLASSIFICATION NUMBER | |
| Classification number | 658.403 / |
| Item number | V242d |
| Edition number | 23 |
| 100 1# - MAIN ENTRY--PERSONAL NAME | |
| Personal name | Vélez Pareja, Ignacio, |
| Relator term | autor |
| 9 (RLIN) | 12045 |
| 245 10 - TITLE STATEMENT | |
| Title | Decisiones empresariales bajo riesgo e incertidumbre / |
| Remainder of title | Ignacio Vélez Pareja |
| 260 ## - PUBLICATION, DISTRIBUTION, ETC. | |
| Place of publication, distribution, etc. | Bogotá : |
| Name of publisher, distributor, etc. | Norma, |
| Date of publication, distribution, etc. | 2003. |
| 300 ## - PHYSICAL DESCRIPTION | |
| Extent | xv, 448 páginas : |
| Other physical details | diagramas y gráficos a blanco y negro ; |
| Dimensions | 23 cm. |
| 500 ## - GENERAL NOTE | |
| General note | Incluye datos biográficos del autor en solapa. |
| 504 ## - BIBLIOGRAPHY, ETC. NOTE | |
| Bibliography, etc. note | Bibliografía: páginas [439-448] |
| 505 0# - FORMATTED CONTENTS NOTE | |
| Formatted contents note | Proceso de decisión -- Decisiones bajo certeza: el valor del dinero en el tiempo -- Decisiones bajo incertidumbre -- Una aproximación a los métodos de pronóstico -- Actitudes hacia el riesgo -- Análisis de sensibilidad |
| 520 0# - SUMMARY, ETC. | |
| Summary, etc. | Este ibro tiene como objeto ayudar al gerente a tomar decisiones bajo riesgo e incertidumbre. Todo el libro es útil para este propósito, pero se destaca la inclusión de herramientas tales como el método Delphi |
| 650 24 - SUBJECT ADDED ENTRY--TOPICAL TERM | |
| Topical term or geographic name entry element | Toma de decisiones |
| 9 (RLIN) | 283 |
| 650 24 - SUBJECT ADDED ENTRY--TOPICAL TERM | |
| Topical term or geographic name entry element | Riesgo financiero |
| 9 (RLIN) | 11357 |
| 650 24 - SUBJECT ADDED ENTRY--TOPICAL TERM | |
| Topical term or geographic name entry element | Teoría de los juegos |
| 9 (RLIN) | 4477 |
| 650 24 - SUBJECT ADDED ENTRY--TOPICAL TERM | |
| Topical term or geographic name entry element | Método Montecarlo |
| 9 (RLIN) | 12046 |
| 650 24 - SUBJECT ADDED ENTRY--TOPICAL TERM | |
| Topical term or geographic name entry element | Método délphi |
| 9 (RLIN) | 12047 |
| 650 24 - SUBJECT ADDED ENTRY--TOPICAL TERM | |
| Topical term or geographic name entry element | Modelo de valoración |
| 9 (RLIN) | 12048 |
| 650 24 - SUBJECT ADDED ENTRY--TOPICAL TERM | |
| Topical term or geographic name entry element | Valoración de inversiones |
| 9 (RLIN) | 12049 |
| 942 ## - ADDED ENTRY ELEMENTS (KOHA) | |
| Source of classification or shelving scheme | Dewey Decimal Classification |
| Koha item type | Books |
| Withdrawn status | Lost status | Source of classification or shelving scheme | Materials specified (bound volume or other part) | Damaged status | Not for loan | Home library | Current library | Shelving location | Date acquired | Source of acquisition | Total Checkouts | Full call number | Barcode | Date last seen | Date last checked out | Copy number | Price effective from | Koha item type |
|---|---|---|---|---|---|---|---|---|---|---|---|---|---|---|---|---|---|---|
| Dewey Decimal Classification | Donación--15/04/2018-- | Biblioteca Pública José María del Castillo y Rada | Biblioteca Pública José María del Castillo y Rada | General Stacks | 11/28/2019 | Donación | 1 | 658.403 / V242d | 430012044 | 09/19/2024 | 09/18/2024 | Ej.1 | 11/28/2019 | Books |